| 000 | 00723nas a2200229 4500 | ||
|---|---|---|---|
| 001 | BR9103017 | ||
| 003 | BR-BrBNA | ||
| 005 | 20231205092039.0 | ||
| 007 | ta | ||
| 008 | 230509b bl.|||p| |||| 00| 00por d | ||
| 040 |
_aBR-BrBNA _bpor _cBiblioteca Nacional de Agricultura |
||
| 041 | _a(Pt) | ||
| 072 | _aN20; L02 | ||
| 110 | 1 | _aCentro Nacional de Pesquisa de Suinos e Aves, Concordia, SC (Brasil) | |
| 245 | 1 | _aBebedouros: melhor uso na suinocultura | |
| 650 | _aSUÍNO | ||
| 650 | _aBEBEDOURO | ||
| 650 | _aGANHO DE PESO | ||
| 773 | 0 |
_tAvicultura e Suinocultura Industrial (Brazil) _xISSN 0100-5804 _g(Sep 1991), v. 80(979) p. 25-26 _wBR9103017 |
|
| 909 |
_a202311 _bLúcia _c55 _dLúcia Elande |
||
| 942 |
_2AGRIS _n0 _cANA |
||
| 999 |
_c128910 _d128910 |
||